[Event "North Island-ch"]
[Site "Wellington"]
[Date "2021.04.03"]
[Round "3"]
[White "Dunn, Paul"]
[Black "Jones, Gawain C B"]
[Result "0-1"]
[WhiteElo "2178"]
[BlackElo "2670"]
[PlyCount "48"]
[EventDate "2021.04.02"]
[EventType "swiss"]
[EventRounds "8"]
[EventCountry "NZL"]
[SourceTitle "EXT 2024"]
[Source "ChessBase"]
[SourceDate "2023.10.10"]
[SourceVersion "1"]
[SourceVersionDate "2023.10.10"]
[SourceQuality "1"]

1. d4 Nf6 2. c4 g6 3. Nc3 Bg7 4. e4 d6 5. f3 0-0 6. Be3 c5 7. Nge2 Nc6 8. d5 Ne5 9. Nc1 e6 10. Be2 exd5 11. cxd5 a6 12. a4 Bd7 13. 0-0 b5 14. axb5 axb5 15. Rxa8 Qxa8 16. Nxb5 Bxb5 17. Bxb5 Rb8 18. Be2 Rxb2 19. f4 Qa3 20. Bf2 Nxe4 21. fxe5 Bxe5 22. Nd3 Rd2 23. Nxe5 Rxd1 24. Rxd1 Qb2 0-1